| 000 | 00696nam a22001937a 4500 | ||
|---|---|---|---|
| 999 |
_c19573 _d19573 |
||
| 005 | 20180302114945.0 | ||
| 008 | 170608b ck ||||| |||| 00| 0 spa d | ||
| 040 |
_aCO-BoIAVH _cCO-BoIAVH |
||
| 041 | _aspa | ||
| 044 | _ack | ||
| 090 |
_aFG- _b0167 |
||
| 110 | _aAsociación para el Estudio y la Conservación de las Aves Acuáticas en Colombia Calidris | ||
| 245 | _aAves de los humedales de la Orinoquia Colombiana | ||
| 260 |
_aCali: _bCalidris, _c. |
||
| 300 |
_afolleto plegable _bilustracion a color _c10 x 22 cm |
||
| 650 | 1 |
_aAves _zOrinoquia _zColombia |
|
| 856 | _uhttps://calidris.org.co/guia-de-aves-de-los-humedales-de-la-orinoquia-colombiana/ | ||
| 942 |
_2z _cFolleto |
||